000 00799nam a2200301 b 4500
001 02194521
003 DO-SdBNP
005 20180222124401.0
007 02194521
008 961030s2002 sp | ||| ||spa
016 7 _a
_2BPMSU
017 _a
_b
020 _a8420774901
035 _a
040 _aBPMSU
_bspa
_cBPMSU
_e
080 0 _a
100 2 _aVidal, César
_d1958-
245 1 _aDilaf el sabio /
_h
_cCésar Vidal ; ilustración, Francisco Solé
250 _a 4a. ed.
260 _aMadrid :
_bAnaya,
_c2002
300 _a126 p. :
_bil. ;
_c19 cm
490 _aEl duende verde
_v94
700 _aSolé, Francisco
_eil.
830 _aEl duende verde
_v94
942 _2ddc
_cBK
945 _ainventariado, 2018 / dg
956 _a VMATEO
_210
_320160420
_6BPMSU
_80069
999 _c9872
_d9872